[Event "none"]
[Site "http://www.queenalice.com/game.php?id=433009"]
[Date "2008.7.14"]
[Round "-"]
[White "None"]
[Black "Saintsalles"]
[Result "0-1"]
[WhiteElo "1397"]
[BlackElo "1578"]

1. Nf3 d5 2. d4 e6 3. a3 c5 4. Bf4 f6 5. e3 Bd6 6. Bg3 Bxg3 7. hxg3 Qa5+ 8. Qd2
Qxd2+ 9. Nbxd2 c4 10. e4 Nc6 11. c3 Na5 12. O-O-O Ne7 13. Re1 Bd7 14. e5 f5 15.
Be2 Ba4 16. Rh4 Ng6 17. Rh5 Kf7 18. Ng5+ Ke7 19. Ndf3 h6 20. Nh3 Nb3+ 21. Kb1
Be8 22. Bd1 Nf8 23. Bc2 Bxh5 24. Ka2 Bxf3 25. gxf3 Nd2 26. f4 Nf3 27. Re3 Nh2
28. Ng1 Ng4 29. Re2 Nd7 30. f3 b5 31. fxg4 fxg4 32. a4 a6 33. a5 Kf7 34. Ka3 g6
35. Rh2 h5 36. Kb4 Rag8 37. Ne2 g5 38. b3 h4 39. gxh4 gxh4 40. Bd1 g3 41. Rh3 g2
42. Ng1 Ke7 43. Bf3 Kd8 44. Rh2 Kc7 45. Bxg2 Kc6 46. Nf3 h3 47. Bxh3 Rh6 48. Ng5
Nf8 49. Rf2 Rxh3 50. Nxh3 Rg3 51. Ng5 Rg1 52. Nf7 Rb1 53. Ka3 Rxb3+ 54. Ka2 Rxc3
55. f5 exf5 56. Rxf5 Ne6 57. Rf6 Kd7 58. Nd6 Nd8 59. Nxb5 axb5 60. a6 b4 61. Rb6
Ra3+ 62. Kb1 b3 63. Kb2 Ra2+ 64. Kb1 Kc7 65. Rg6 Nc6 66. Rg7+ Kb6 67. e6 Kxa6
68. e7 Re2 0-1

[Event "Challenge"]
[Site "http://www.queenalice.com/game.php?id=433503"]
[Date "2008.7.15"]
[Round "-"]
[White "kiel"]
[Black "None"]
[Result "0-1"]
[WhiteElo "1325"]
[BlackElo "1401"]

1. e3 d5 2. d4 a6 3. Nc3 Bf5 4. b3 e6 5. Bb2 Bb4 6. Qd2 b5 7. Nf3 Nf6 8. Ne5 Ne4
9. Qd3 Nxf2 10. Qd2 Nxh1 11. O-O-O Qh4 12. h3 Nf2 13. Nf3 Qg3 14. Re1 Be4 15.
Nxe4 Bxd2+ 16. Nexd2 Nc6 17. a3 O-O-O 18. b4 g5 19. Ng1 Nd3+ 20. cxd3 Qxe1+ 21.
Kc2 g4 22. hxg4 Qxe3 23. Nh3 Rhg8 24. g5 Nxd4+ 25. Bxd4 Qxd4 26. g3 Qg4 27. Nf2
Qxg3 28. Nd1 Rxg5 29. d4 Qxa3 30. Nb2 a5 31. bxa5 b4 32. a6 Qc3+ 33. Kb1 Qxd2
34. Bd3 Rg2 35. a7 Qxb2# 0-1

[Event "Challenge"]
[Site "http://www.queenalice.com/game.php?id=434828"]
[Date "2008.7.17"]
[Round "-"]
[White "None"]
[Black "alterego"]
[Result "0-1"]
[WhiteElo "1404"]
[BlackElo "1618"]

1. Nf3 Nf6 2. d4 d5 3. h3 g6 4. Ne5 Be6 5. Bf4 Bg7 6. e3 O-O 7. Bg5 Nbd7 8. f4
Ne4 9. Bh4 c6 10. Bd3 Nxe5 11. fxe5 a5 12. Nc3 f5 13. Bxe4 fxe4 14. Qe2 Rf7 15.
O-O-O a4 16. a3 Qa5 17. g4 b5 18. Kd2 b4 19. Nb1 bxa3+ 20. Kc1 a2 0-1

[Event "Challenge"]
[Site "http://www.queenalice.com/game.php?id=441285"]
[Date "2008.7.30"]
[Round "-"]
[White "None"]
[Black "gomonkey"]
[Result "1-0"]
[WhiteElo "1390"]
[BlackElo "1622"]

1. e4 e5 2. Bc4 Nf6 3. Qf3 c6 4. b4 Bxb4 5. a3 Qa5 6. Bb2 Bc5 7. Bc3 Qa4 8. Bb3
Qa6 9. Qe2 Qxe2+ 10. Nxe2 d6 11. h3 Nxe4 12. d3 Nxf2 13. Rf1 Nxd3+ 14. cxd3 O-O
15. d4 exd4 16. Nxd4 Bxd4 17. Bxd4 d5 18. Rf3 Re8+ 19. Kf2 Na6 20. Rg3 g6 21.
Nd2 Bf5 22. Nf3 f6 23. Bxf6 Re6 24. Bb2 Rae8 25. Bd1 Bc2 26. Bxc2 Re2+ 27. Kg1
Rxc2 28. Bc1 Nc5 29. Kh2 Nb3 30. Rb1 Nxc1 31. Nd4 Rc4 32. Nf3 b5 33. Rg4 Rc2 34.
Nd4 Rc4 35. Rb4 Rc3 36. Rb1 Nd3 37. Rg3 a5 38. Rd1 Nf2 39. Rd2 Rxg3 40. Rxf2
Rxa3 41. Nxc6 Ree3 42. Nd4 Re4 43. Nxb5 Ra1 44. Nc3 Ree1 45. Nxd5 h5 46. h4 g5
47. Nf6+ Kg7 48. hxg5 h4 49. Kh3 Rh1+ 50. Kg4 Kg6 51. Nh5 Ra4+ 52. Nf4+ Kf7 53.
Kh5 Rd4 54. Ne2+ Kg7 55. Nxd4 Re1 56. Nf5+ Kf7 57. Nxh4+ Kg7 58. g6 Ra1 59. Rf7+
Kg8 60. Nf5 Rf1 61. Kh6 a4 62. Ne7+ Kh8 63. g7# 1-0

[Event "Challenge"]
[Site "http://www.queenalice.com/game.php?id=458254"]
[Date "2008.9.4"]
[Round "-"]
[White "Saintsalles"]
[Black "None"]
[Result "1-0"]
[WhiteElo "1649"]
[BlackElo "1415"]

1. e4 d5 2. exd5 Qxd5 3. Nc3 Qd8 4. d4 Bf5 5. Bc4 e6 6. h3 Bb4 7. Bd2 c6 8. Nf3
b5 9. Bb3 h6 10. a3 Be7 11. g4 Bg6 12. Bf4 Bd6 13. Bxd6 Qxd6 14. Qd2 Nf6 15.
O-O-O a5 16. Ne5 a4 17. Nxg6 fxg6 18. Bxe6 b4 19. axb4 Nd5 20. Bxd5 cxd5 21.
Rde1+ Kd7 22. Na2 a3 23. b3 Nc6 24. c3 Rhf8 25. b5 Na5 26. Qc2 Rfb8 27. Nb4 Rxb5
28. Kd1 Rc8 29. Re3 Rxb4 30. Rhe1 Rc7 31. Re7+ Qxe7 32. Rxe7+ Kxe7 33. Qe2+ Kd8
34. cxb4 Nxb3 35. Qa6 Rc1+ 36. Ke2 Ra1 37. Qd6+ Kc8 38. Qf8+ Kb7 39. Qxg7+ Kc8
40. Qg8+ Kc7 41. Qxd5 Ra2+ 42. Kd3 Rd2+ 43. Kc3 a2 44. Qc4+ Kd7 45. Qxb3 a1=Q+
46. Kxd2 Qxd4+ 47. Qd3 Qxd3+ 48. Kxd3 Kc6 49. Kc4 1-0

[Event "Challenge"]
[Site "http://www.queenalice.com/game.php?id=465903"]
[Date "2008.9.20"]
[Round "-"]
[White "Malukinha"]
[Black "None"]
[Result "1-0"]
[WhiteElo "1687"]
[BlackElo "1405"]

1. e4 d5 2. exd5 Qxd5 3. Nc3 Qd8 4. Nf3 Bg4 5. Bc4 e6 6. O-O c5 7. h3 Bh5 8. d3
h6 9. Bf4 Bd6 10. Bb5+ Ke7 11. Qe2 Nf6 12. Bxd6+ Qxd6 13. Ne4 Qb6 14. Nxf6 gxf6
15. Bc4 Rg8 16. b3 Qd6 17. Qe3 Bxf3 18. Qxf3 Qc6 19. Qxc6 Nxc6 20. Rad1 Ne5 21.
f3 Rg3 22. d4 Nxc4 23. Kf2 Rag8 24. Rg1 b6 25. bxc4 R3g5 26. f4 R5g6 27. d5 exd5
28. cxd5 Kd6 29. g3 b5 30. a3 f5 31. Kf3 a5 32. c3 c4 33. g4 fxg4+ 34. hxg4 Rf6
35. Rd4 Rg5 36. Kg3 Rg8 37. a4 Rfg6 38. f5 Rg5 39. axb5 Rb8 40. Rxc4 h5 41. Rc6+
Kxd5 42. Rd1+ Ke5 43. Rc5+ Kf6 44. Rd6+ Kg7 45. b6 Rxg4+ 46. Kf3 Rg8 47. Rb5 Kh8
48. Rh6+ Kg7 49. Rc6 Kh8 50. b7 Rg3+ 51. Ke4 R8g4+ 52. Ke5 Re3+ 53. Kf6 1-0

[Event "Challenge"]
[Site "http://www.queenalice.com/game.php?id=466708"]
[Date "2008.9.22"]
[Round "-"]
[White "None"]
[Black "Saintsalles"]
[Result "0-1"]
[WhiteElo "1408"]
[BlackElo "1629"]

1. Nf3 d5 2. d4 f6 3. h3 Nc6 4. Nc3 e6 5. a3 a6 6. e4 Nge7 7. e5 fxe5 8. dxe5 d4
9. Ne4 h6 10. Nh4 Nxe5 11. Qh5+ Nf7 12. Bd3 Nf5 13. Ng5 hxg5 14. Qxh8 Nxh8 0-1

[Event "Challenge"]
[Site "http://www.queenalice.com/game.php?id=479106"]
[Date "2008.10.18"]
[Round "-"]
[White "Saintsalles"]
[Black "None"]
[Result "1-0"]
[WhiteElo "1741"]
[BlackElo "1414"]

1. e4 d5 2. Nc3 d4 3. Nb1 c5 4. Bc4 Nc6 5. d3 e5 6. a4 Na5 7. Ba2 h6 8. Qf3 Qf6
9. Qe2 Bd6 10. h3 Be6 11. Bxe6 Qxe6 12. Nf3 h5 13. Ng5 Qg6 14. h4 Kd7 15. Bd2
Nc6 16. Qf3 f6 17. Qh3+ Kc7 18. Ne6+ Kb6 19. a5+ Ka6 20. Na3 Qg4 21. Nc4 Nd8 22.
Nxd6 Qxe6 23. Qxe6 Nxe6 24. Nf7 Rh7 25. Ra3 g5 26. Nd6 Ne7 27. hxg5 fxg5 28. Nc4
Nc6 29. c3 Nf4 30. Bxf4 gxf4 31. f3 Rg8 32. Kf2 Rhg7 33. Rh2 h4 34. Ra1 Rg3 35.
Rg1 Rh8 36. cxd4 Nxd4 37. Nxe5 Rg5 38. Nf7 1-0

[Event "Challenge"]
[Site "http://www.queenalice.com/game.php?id=480975"]
[Date "2008.10.22"]
[Round "-"]
[White "thekiller"]
[Black "None"]
[Result "1-0"]
[WhiteElo "1560"]
[BlackElo "1411"]

1. e4 d5 2. e5 Bf5 3. d4 a6 4. f4 e6 5. Nf3 Bg4 6. Bd3 Nc6 7. c3 b5 8. O-O f6 9.
h3 Bxh3 10. gxh3 f5 11. a4 h5 12. axb5 axb5 13. Rxa8 Qxa8 14. Ng5 b4 15. Nxe6
Qb8 16. Bb5 Ne7 17. Qa4 Rh6 18. Bxc6+ Kf7 19. Ng5+ Kg8 20. cxb4 Nxc6 21. b5 Na7
22. Nc3 Rb6 23. Qd1 g6 24. Qb3 c6 25. Re1 Nxb5 26. e6 Nxd4 27. Qa2 Rb3 28. e7
Qe8 29. Qxb3 Nxb3 30. exf8=Q+ Qxf8 31. Na4 c5 32. Nb6 c4 33. Nd7 Qd8 34. Ne5
Nxc1 35. Rxc1 Qb6+ 36. Kh1 Qe3 37. Ra1 Qxf4 38. Ra8+ 1-0

[Event "Challenge"]
[Site "http://www.queenalice.com/game.php?id=514024"]
[Date "2008.12.29"]
[Round "-"]
[White "Saintsalles"]
[Black "None"]
[Result "1-0"]
[WhiteElo "1705"]
[BlackElo "1411"]

1. e4 d5 2. e5 Bf5 3. d4 e6 4. g4 Be4 5. f3 Qh4+ 6. Ke2 Bg6 7. Bf4 c5 8. Bg3 Qd8
9. b3 h5 10. h3 hxg4 11. fxg4 Nc6 12. c3 Qa5 13. Qd2 Nh6 14. Kf2 Nxg4+ 15. Kg2
Nh6 16. a4 Nf5 17. Bf2 Qd8 18. Nf3 Nce7 19. Bd3 Bh5 20. Bxf5 Bxf3+ 21. Kxf3 Nxf5
22. Ke2 f6 23. h4 fxe5 24. dxe5 Nxh4 25. Na3 g6 26. Be3 Be7 27. Rh3 Rh5 28. Bf4
Ng2 29. Rxh5 gxh5 30. Bh6 d4 31. c4 Qc7 32. Kf2 Nh4 33. Qf4 O-O-O 34. Ke2 Nf5
35. Nb5 Qa5 36. Qc1 a6 37. Bd2 Qb6 38. a5 1-0

[Event "Challenge"]
[Site "http://www.queenalice.com/game.php?id=528527"]
[Date "2009.1.24"]
[Round "-"]
[White "None"]
[Black "lcchaves13"]
[Result "1-0"]
[WhiteElo "1398"]
[BlackElo "1264"]

1. Nf3 Nc6 2. d4 e6 3. Bf4 Bb4+ 4. c3 Be7 5. e4 Nf6 6. Ng5 h6 7. Nf3 Nxe4 8.
Nbd2 Nf6 9. Bb5 Na5 10. b4 Nc6 11. O-O Nh5 12. Be3 d5 13. Ne5 a6 14. Nxc6 Qd7
15. Nxe7 axb5 16. Nxc8 Qxc8 17. Qxh5 Ra3 18. Nb3 c6 19. Bc1 g6 20. Qe5 Kd7 21.
Bxa3 Qa8 22. Nc5+ Ke7 23. Rfe1 f6 24. Qxe6+ Kd8 25. Qd7# 1-0

[Event "0 x 0"]
[Site "http://www.queenalice.com/game.php?id=528867"]
[Date "2009.1.24"]
[Round "-"]
[White "claudiocaire"]
[Black "None"]
[Result "1-0"]
[WhiteElo "1584"]
[BlackElo "1407"]

1. e4 d5 2. e5 d4 3. d3 h6 4. c3 Qd5 5. Qc2 Qxe5+ 6. Ne2 dxc3 7. Nxc3 Bf5 8. f4
Qe6 9. Nb5 Na6 10. Kd2 Qc6 11. Nec3 Nf6 12. Nd4 Qc5 13. Nxf5 Qxf5 14. Kd1 Rd8
15. h3 e6 16. Be3 Nh5 17. Be2 Bc5 18. Bxc5 Nxc5 19. g4 Qxf4 20. gxh5 O-O 21. Nb5
Ne4 22. Rf1 Nf2+ 23. Ke1 Qb4+ 24. Kxf2 Qxb5 25. a4 Qf5+ 26. Ke1 c6 27. Rxf5 exf5
28. d4 Rxd4 29. Qxf5 1-0

[Event "Challenge"]
[Site "http://www.queenalice.com/game.php?id=529798"]
[Date "2009.1.26"]
[Round "-"]
[White "None"]
[Black "Saintsalles"]
[Result "0-1"]
[WhiteElo "1409"]
[BlackElo "1716"]

1. Nf3 d5 2. h3 f6 3. d4 h6 4. Bf4 a6 5. c3 Bf5 6. Nh4 Bh7 7. Bh2 g5 8. Nf3 Nc6
9. e3 Be4 10. Bd3 Bxd3 11. Qxd3 e6 12. Qg6+ Kd7 13. g4 Nce7 14. Qd3 h5 15. gxh5
Rxh5 16. Ng1 Qe8 17. f4 Rd8 18. e4 gxf4 19. Bxf4 Kc8 20. Nd2 Ng6 21. Bg3 dxe4
22. Qxe4 f5 23. Qe2 Nf6 24. Nc4 f4 25. Bh2 Bh6 26. Qf3 e5 27. dxe5 Nxe5 28. Qe2
Nd3+ 29. Kf1 Rf5 30. Nf3 Ne4 31. Rg1 Ndf2 32. Nh4 Rf7 33. Rg6 Bg5 34. Rxg5 Nxg5
35. Kxf2 Ne4+ 36. Kf3 Ng5+ 37. Kg4 Qxe2+ 0-1

[Event "Challenge"]
[Site "http://www.queenalice.com/game.php?id=562734"]
[Date "2009.3.27"]
[Round "-"]
[White "None"]
[Black "garca"]
[Result "0-1"]
[WhiteElo "1400"]
[BlackElo "1838"]

1. Nf3 d5 2. d4 Nc6 3. h3 e6 4. a3 a6 5. Bf4 Be7 6. e3 Nf6 7. Nc3 h6 8. Ne5 Nxe5
9. Bxe5 O-O 10. h4 Nd7 11. Bf4 Bxh4 12. Qg4 Bg5 13. Bxg5 Qxg5 14. Qxg5 hxg5 15.
Bd3 g6 16. O-O-O Kg7 17. e4 c6 18. Rh2 Rh8 19. Rdh1 Rxh2 20. Rxh2 Nf6 21. e5 Ng4
22. Rh3 Nxf2 23. Rf3 Nxd3+ 24. Rxd3 Bd7 25. a4 b5 26. a5 Rh8 27. Rh3 Rh4 28.
Rxh4 gxh4 29. b4 g5 30. Ne2 f5 31. Ng1 g4 32. Kd1 Kg6 33. Ke2 Kg5 34. Kf2 Kf4
35. Ne2+ Ke4 36. Nc3+ Kxd4 37. Ne2+ Kxe5 38. Ke3 h3 39. gxh3 gxh3 40. Kf3 Be8
41. Ng3 Kd4 0-1

[Event "Challenge"]
[Site "http://www.queenalice.com/game.php?id=573395"]
[Date "2009.4.17"]
[Round "-"]
[White "pablonet"]
[Black "None"]
[Result "1-0"]
[WhiteElo "1596"]
[BlackElo "1398"]

1. e4 d5 2. exd5 Qxd5 3. Nc3 Qe6+ 4. Be2 Nc6 5. Nf3 Nf6 6. d4 Nb4 7. a3 Na6 8.
Nb5 c6 9. Nc7+ Nxc7 10. Bf4 Ncd5 11. Be5 Ng4 12. Bg3 h6 13. c4 Ndf6 14. h3 Ne3
15. fxe3 Qxe3 16. Qd3 Qe6 17. O-O Nh5 18. d5 cxd5 19. Nd4 Qb6 20. Bxh5 g6 21.
Bf3 Bg7 22. Bf2 Qf6 23. Bxd5 e6 24. Bf3 O-O 25. Nb5 Rd8 26. Bd4 e5 27. Bxe5 Rxd3
28. Bxf6 Bxf6 29. Bd5 Rg3 30. Rxf6 Be6 31. Bxe6 fxe6 32. Rxe6 Rf8 33. Nxa7 Kg7
34. Rf1 Rd8 35. Re7+ Kh8 36. Rxb7 Rd2 37. Rf8# 1-0

[Event "Challenge"]
[Site "http://www.queenalice.com/game.php?id=581283"]
[Date "2009.5.2"]
[Round "-"]
[White "None"]
[Black "YuGi"]
[Result "0-1"]
[WhiteElo "1381"]
[BlackElo "1372"]

1. Nf3 e6 2. e4 Bc5 3. d4 Bf8 4. e5 d5 5. a3 Be7 6. Nc3 Qd7 7. Bb5 c6 8. Ba4 b5
9. Bb3 a5 10. O-O a4 11. Ba2 f5 12. exf6 Bxf6 13. Bf4 g5 14. Be5 Bxe5 15. Nxe5
Qe7 16. Qh5+ Kd8 17. Nf7+ Kd7 18. Nxh8 Nf6 19. Qf7 Ra5 20. Rfe1 Qxf7 21. Nxf7
Ng4 22. h3 Nxf2 23. Kxf2 Ke7 24. Nh6 Nd7 25. Re3 Nf8 26. Rae1 Ra7 27. Nf5+ Kf6
0-1

[Event "Challenge"]
[Site "http://www.queenalice.com/game.php?id=589842"]
[Date "2009.5.17"]
[Round "-"]
[White "None"]
[Black "dreamer"]
[Result "0-1"]
[WhiteElo "1390"]
[BlackElo "1564"]

1. Nf3 Nf6 2. d4 d5 3. Bf4 e6 4. a3 c5 5. c4 cxd4 6. Qxd4 Nc6 7. Qd1 Be7 8. Nc3
O-O 9. cxd5 exd5 10. e3 Re8 11. Bg5 d4 12. Nxd4 Nxd4 13. Qxd4 Qxd4 14. exd4 Bc5+
15. Be2 Bxd4 16. O-O Bxc3 17. Bxf6 Bxf6 18. Bf3 Bxb2 19. Rab1 Bf6 20. Bxb7 Bxb7
21. Rxb7 Reb8 22. Rd7 g6 23. Re1 Rb3 0-1